00181nam a2200073Ia 4500008004100000100001700041245003100058260001800089170817s9999 xx 000 0 und d aChitkara.M.G 0aEducatin And Human Values bA. P. H. PUB.